|
|
|
|
| LEADER |
00000nam0a2200000 4500 |
| 001 |
180911 |
| 005 |
20231031170923.0 |
| 035 |
|
|
|a (RuTPU)RU\TPU\book\196119
|
| 090 |
|
|
|a 180911
|
| 100 |
|
|
|a 20100528d1977 km y0rusy50 ca
|
| 101 |
1 |
|
|a rus
|c eng
|
| 102 |
|
|
|a RU
|
| 105 |
|
|
|a a z 001zy
|
| 200 |
1 |
|
|a Занимательные задачи на разрезание
|e пер. с англ.
|f Г. Линдгрен
|
| 210 |
|
|
|a Москва
|c Мир
|d 1977
|
| 215 |
|
|
|a 256 с.
|c ил.
|
| 320 |
|
|
|a Библиогр.: с. 248-249.
|
| 610 |
1 |
|
|a многоугольники
|
| 610 |
1 |
|
|a математика
|
| 610 |
1 |
|
|a занимательные задачи
|
| 610 |
1 |
|
|a разрезание
|
| 675 |
|
|
|a 514.11
|v 3
|
| 700 |
|
1 |
|a Линдгрен
|b Г.
|g Гарри
|
| 801 |
|
1 |
|a RU
|b 63413507
|c 20100528
|
| 801 |
|
2 |
|a RU
|b 63413507
|c 20140117
|g RCR
|
| 942 |
|
|
|c BK
|